Statistiken für Torschützenliste der Serie A 2016-2017

Klicken Sie hier um das Quiz zu spielen!

Allgemein

  • Dieses Quiz wurde 28 mal gespielt
  • Das Durchschnittsergebnis liegt bei 6 aus 10

Antwortstatistiken

ToreNationalitätVereinSpieler% Korrekt
29Bosnien und HerzegowinaAS RomEdin Džeko
100%
23ItalienLazio RomCiro Immobile
88%
28BelgienSSC NeapelDries Mertens
88%
24ArgentinienJuventus TurinGonzalo Higuaín
81%
18ItalienSSC NeapelLorenzo Insigne
58%
24ArgentinienInter MailandMauro Icardi
54%
26ItalienFC TurinAndrea Belotti
50%
16ArgentinienAtalanta BergamoPapu Gómez
38%
16SenegalLazio RomKeita Baldé
27%
16ItalienCagliari CalcioMarco Borriello
4%

Verteilung der Resultate

Perzentil nach korrekt beantworteten Fragen

Anzahl Personen mit jedem Resultat

Ihre Resultats-Entwicklung

Sie haben dieses Quiz noch nicht gespielt